4 à la suite - Les murs célèbres - Statistiques

Statistiques générales
  • Ce quiz a été pris 127 fois
    91 depuis la dernière actualisation
  • Le résultat moyen est 4 sur 12
Statistiques - réponses
Réponse % Correct
Le mur des lamentations
89%
Berlin
80%
Le mur d’Hadrien
60%
Donald Trump
59%
Bastille
43%
Je t’aime
37%
Le mur de l’Atlantique
28%
John Lennon
6%
Le mur de Calais
5%
Vietnams Veterans Memorial
1%
Le mur de la démocratie
0%
L’Oasis d’Aboukir
0%
Aucun quiz correspondant
Distribution des résultats
% des personnes avec chaque résultat
Percentile par nombre de réponses
Votre historique - résultats
Vous n’avez pas pris ce quiz depuis la dernière actualisation